Szeged fölött lelőttek egy repülőgépet
Elmentve itt :
| Dokumentumtípus: | Cikk |
|---|---|
| Megjelent: |
1914-08-21
|
| Sorozat: | Délmagyarország
3 No. 207 |
| Kulcsszavak: | Világháború 1., Szeged |
| Online Access: | http://dmarchiv.bibl.u-szeged.hu/59235 |
| LEADER | 00424nab a2200145 i 4500 | ||
|---|---|---|---|
| 001 | delm59235 | ||
| 005 | 20180927144645.0 | ||
| 008 | 180927s1914 hu o 0|| hun d | ||
| 040 | |a SZTE Délmagyarország Archívum |b hun | ||
| 041 | |a hun | ||
| 245 | 0 | 0 | |a Szeged fölött lelőttek egy repülőgépet |h [elektronikus dokumentum] |
| 260 | |c 1914-08-21 | ||
| 300 | |a 2 | ||
| 490 | 0 | |a Délmagyarország |v 3 No. 207 | |
| 695 | |a Világháború 1., Szeged | ||